| 000 | 00621 a2200157 4500 | ||
|---|---|---|---|
| 003 | NUST | ||
| 005 | 20230531130253.0 | ||
| 020 | _a1556153546 | ||
| 040 | _cNust | ||
| 082 | _a005.43,ARM | ||
| 245 |
_aGetting started Microsoft Word 5.5: _bFor IBM PCs and Compatibles / _cJanet Rampa |
||
| 260 | _aMicrosoft | ||
| 300 | _a399 p.; | ||
| 505 | _aIntroduction (Page-1), Autoexec (Page-7), Built In Formats (Page-13), Check Boxes (Page-19), Clipboard (Page-20), Commands (Page-25), Cursor (Page-), Excel (Page-46), Footnotes (Page-53), Lines (Page-75), Printing (Page-125),Windows (Page-182). | ||
| 942 |
_2ddc _cBK _k005.43,ARM |
||
| 999 |
_c193371 _d193371 |
||